[Event "World Youth Girl U16 2016"]
[Site "Khanty-Mansiysk RUS"]
[Date "2016.09.26"]
[Round "5.10"]
[White "Jie, Tianhui"]
[Black "Broly, Mathilde"]
[Result "0-1"]
[WhiteElo "1914"]
[BlackElo "2046"]
[WhiteFideId "30908566"]
[BlackFideId "20682794"]
[EventDate "2016.09.22"]

1. d4 Nf6 2. c4 g6 3. Nc3 d5 4. cxd5 Nxd5 5. Bd2 Bg7 6. e4 Nxc3 7. Bxc3 c5 8. d5
O-O 9. Qd2 Qd6 10. Bxg7 Kxg7 11. f4 e6 12. Bc4 exd5 13. Bxd5 Nc6 14. Nf3 Be6 15.
O-O Bxd5 16. Qxd5 Rad8 17. Qxd6 Rxd6 18. f5 f6 19. Rac1 b6 20. a3 Rfd8 21. g4
Nd4 22. Rce1 Nxf3+ 23. Rxf3 Rd4 24. h3 Rd2 25. g5 gxf5 26. Rxf5 fxg5 27. Rxg5+
Kf6 28. Rh5 Kg6 29. Rf5 Rxb2 30. Rf3 Rdd2 31. Rg3+ Kf6 32. e5+ Ke6 33. Rg7 Re2
34. Rxe2 Rxe2 35. Rxa7 Ra2 36. Rxh7 Kxe5 37. Rb7 c4 38. Rc7 Kd4 39. Rd7+ Ke3 40.
Rc7 Kd3 41. Rd7+ Ke3 42. Rc7 b5 43. h4 Rxa3 44. h5 Ra6 45. Rc5 Rb6 46. h6 Rxh6
47. Rxb5 Rf6 48. Re5+ Kd2 49. Rd5+ Kc2 50. Rc5 c3 51. Kg2 Kb2 52. Rb5+ Kc1 53.
Rc5 c2 54. Rc8 Rb6 0-1

[Event "World Youth Girl U16 2016"]
[Site "Khanty-Mansiysk RUS"]
[Date "2016.09.26"]
[Round "5.11"]
[White "Tishova, Svetlana"]
[Black "Gundogan, Sinem Cagla"]
[Result "1-0"]
[BlackTitle "WCM"]
[WhiteElo "2317"]
[BlackElo "1933"]
[WhiteFideId "24173550"]
[BlackFideId "6325378"]
[EventDate "2016.09.22"]

1. e4 e5 2. Nf3 Nc6 3. Bb5 a6 4. Bxc6 dxc6 5. O-O Bg4 6. h3 Bxf3 7. Qxf3 Qd7 8.
d3 O-O-O 9. Be3 f6 10. Nd2 h5 11. Rfb1 g5 12. b4 g4 13. Qg3 Nh6 14. Nc4 Be7 15.
Bxh6 Rxh6 16. Ne3 Rg8 17. Nf5 Rhg6 18. h4 b6 19. a4 Bf8 20. Qe3 g3 21. fxg3 Kb7
22. Kh2 Qh7 23. Qe2 Rg4 24. Qd2 R8g6 25. b5 Qg8 26. bxc6+ Ka7 27. a5 Rxg3 28.
axb6+ cxb6 29. Nxg3 Rxg3 30. Qf2 1-0

[Event "World Youth Girl U16 2016"]
[Site "Khanty-Mansiysk RUS"]
[Date "2016.09.26"]
[Round "5.12"]
[White "Martynkova, Olena"]
[Black "Limanovska, Elizabete"]
[Result "1-0"]
[WhiteTitle "WFM"]
[WhiteElo "2287"]
[BlackElo "1870"]
[WhiteFideId "14134039"]
[BlackFideId "11603542"]
[EventDate "2016.09.22"]

1. e4 c5 2. Nf3 d6 3. d4 cxd4 4. Nxd4 Nf6 5. Nc3 a6 6. Bg5 e6 7. f4 Be7 8. Qf3
Qc7 9. O-O-O Nbd7 10. g4 b5 11. Bxf6 gxf6 12. f5 Ne5 13. Qh3 b4 14. Nce2 Bb7 15.
fxe6 Bxe4 16. Bg2 Qb7 17. exf7+ Nxf7 18. Bxe4 Qxe4 19. Ng3 Qf4+ 20. Kb1 Ne5 21.
Ngf5 Rc8 22. g5 Qg4 23. Qb3 Rc7 24. gxf6 Bxf6 25. Qe6+ Be7 26. Nxd6+ 1-0

[Event "World Youth Girl U16 2016"]
[Site "Khanty-Mansiysk RUS"]
[Date "2016.09.26"]
[Round "5.13"]
[White "Busuioc, Alexandra"]
[Black "Di Benedetto, Desiree"]
[Result "0-1"]
[BlackTitle "WFM"]
[WhiteElo "1876"]
[BlackElo "2183"]
[WhiteFideId "1635778"]
[BlackFideId "875813"]
[EventDate "2016.09.22"]

1. e4 e6 2. d4 d5 3. Nc3 Nf6 4. e5 Nfd7 5. f4 c5 6. Nf3 Be7 7. Be3 b6 8. Qd2 O-O
9. O-O-O c4 10. g4 b5 11. f5 b4 12. Nb1 Qa5 13. Bg5 f6 14. fxe6 fxg5 15. exd7
Bxd7 16. Nxg5 c3 17. Qe3 h6 18. h4 hxg5 19. hxg5 Qd8 20. Rh5 Bxg4 21. Bd3 Bxh5
22. Rg1 Rf3 23. Qe2 Bxg5+ 24. Nd2 Bxd2+ 0-1

[Event "World Youth Girl U16 2016"]
[Site "Khanty-Mansiysk RUS"]
[Date "2016.09.26"]
[Round "5.14"]
[White "Radeva, Viktoria"]
[Black "Cieslak, Wiktoria"]
[Result "1-0"]
[WhiteTitle "WFM"]
[WhiteElo "2143"]
[BlackElo "1869"]
[WhiteFideId "2915405"]
[BlackFideId "1160036"]
[EventDate "2016.09.22"]

1. Nf3 c5 2. g3 g6 3. Bg2 Bg7 4. d4 cxd4 5. Nxd4 Nc6 6. Nb3 e6 7. O-O Nge7 8. c4
O-O 9. Nc3 Ne5 10. c5 d5 11. cxd6 Nf5 12. Ne4 Nc4 13. Bg5 f6 14. Bf4 g5 15. Qc2
Nb6 16. Bd2 Nd5 17. Rad1 Bd7 18. Nec5 Nxd6 19. e4 Nb6 20. Bb4 Qc7 21. Qb1 Rfd8
22. Nxd7 Rxd7 23. Nc5 Re7 24. Na6 bxa6 25. Bxd6 Qd7 26. Bxe7 Qxe7 27. Qd3 a5 28.
e5 Rc8 29. exf6 Bxf6 30. b3 Rc3 31. Qe4 a4 32. Bh3 e5 33. Rc1 Rxc1 34. Rxc1 axb3
35. axb3 Qa3 36. Be6+ Kh8 37. Rc7 Bg7 38. Qb7 Qf8 39. Rxg7 1-0

[Event "World Youth Girl U16 2016"]
[Site "Khanty-Mansiysk RUS"]
[Date "2016.09.26"]
[Round "5.15"]
[White "Nguyen, Hong Ngoc"]
[Black "Monroy G., Nataly A."]
[Result "1-0"]
[BlackTitle "WIM"]
[WhiteElo "1807"]
[BlackElo "2105"]
[WhiteFideId "12403083"]
[BlackFideId "3304019"]
[EventDate "2016.09.22"]

1. d4 Nf6 2. c4 c5 3. d5 e6 4. Nc3 exd5 5. cxd5 d6 6. e4 g6 7. Bd3 Bg7 8. Nge2
O-O 9. O-O a6 10. a4 Re8 11. Ng3 Nbd7 12. h3 Rb8 13. Re1 Qc7 14. Be3 c4 15. Bc2
Nc5 16. f4 b5 17. axb5 axb5 18. Qf3 b4 19. Na4 Nfd7 20. Nxc5 Nxc5 21. Rab1 b3
22. Bd1 Nd3 23. Re2 Nxb2 24. Rexb2 Bxb2 25. Rxb2 c3 26. Rxb3 Rxb3 27. Bxb3 c2
28. Bc1 Ba6 29. Kh2 Qc5 30. f5 Qd4 31. Qf4 Bd3 32. Qxd6 Qa1 33. Qf4 Qc3 34. f6
h6 35. Ba4 Ra8 36. Bc6 g5 37. Qd6 Ra1 38. Qe7 Qxf6 39. Qxf6 Rxc1 40. Be8 Rf1 41.
Nxf1 c1=Q 42. Bxf7+ 1-0

[Event "World Youth Girl U16 2016"]
[Site "Khanty-Mansiysk RUS"]
[Date "2016.09.26"]
[Round "5.16"]
[White "Sliwicka, Alicja"]
[Black "Blazeka, Mihaela"]
[Result "1-0"]
[WhiteTitle "WFM"]
[WhiteElo "2092"]
[BlackElo "1868"]
[WhiteFideId "1150677"]
[BlackFideId "14528576"]
[EventDate "2016.09.22"]

1. e4 c5 2. Nf3 d6 3. d4 Nf6 4. dxc5 Nxe4 5. cxd6 Nc6 6. Nbd2 Nxd6 7. Nc4 e5 8.
c3 f6 9. Qb3 Qc7 10. Be2 Bf5 11. Be3 O-O-O 12. a4 Kb8 13. Nxd6 Bxd6 14. Nd2 g5
15. a5 h5 16. Nc4 Be6 17. Qa4 Bd5 18. Bb6 Qf7 19. Bxd8 Rxd8 20. Ne3 Bb3 21. Qe4
Bc5 22. Bc4 Bxc4 23. Qxc4 Qxc4 24. Nxc4 e4 25. Ke2 1-0

[Event "World Youth Girl U16 2016"]
[Site "Khanty-Mansiysk RUS"]
[Date "2016.09.26"]
[Round "5.17"]
[White "Saumy, Zainab"]
[Black "Yang, Yijing"]
[Result "1-0"]
[BlackTitle "WCM"]
[WhiteElo "1688"]
[BlackElo "1975"]
[WhiteFideId "9911316"]
[BlackFideId "8608601"]
[EventDate "2016.09.22"]

1. e4 e6 2. Nf3 d5 3. e5 c5 4. b4 cxb4 5. d4 Bd7 6. a3 Nc6 7. axb4 Bxb4+ 8. c3
Be7 9. Bd3 h6 10. O-O g5 11. Na3 a6 12. Ne1 h5 13. f4 g4 14. Nec2 Nh6 15. Ne3 b5
16. Nac2 Qb6 17. f5 Na5 18. fxe6 Bxe6 19. Nb4 Bxb4 20. cxb4 Nc6 21. Rf6 Ng8 22.
Rf4 Nxb4 23. Bf5 Ne7 24. Ba3 Nbc6 25. Bc5 Qb7 26. Bd3 Rg8 27. Qe1 g3 28. hxg3
Rc8 29. Nf5 Nxf5 30. Bxf5 Nd8 31. Bd3 Bg4 32. Qb4 Bd7 33. Raf1 Qc7 34. Bd6 Qc3
35. Qb1 Rxg3 36. Bg6 Qd2 37. R4f2 Qxd4 38. e6 Rxg2+ 39. Kxg2 Qg4+ 40. Kh1 Bxe6
41. Bf5 Qh4+ 42. Rh2 Qd4 43. Rxh5 Rc6 44. Bh2 Qc4 45. Qe1 Kd7 46. Qf2 Qc5 47.
Qf4 Qc4 48. Qf2 Qc5 49. Qg3 Qc4 50. Re1 d4 51. Rh8 Bxf5 52. Rxd8+ Kxd8 53. Qg8+ 1-0

[Event "World Youth Girl U16 2016"]
[Site "Khanty-Mansiysk RUS"]
[Date "2016.09.26"]
[Round "5.18"]
[White "Sevilla, Julia"]
[Black "Khristenko, Anna"]
[Result "1-0"]
[WhiteElo "1546"]
[BlackElo "1938"]
[WhiteFideId "2099730"]
[BlackFideId "24173886"]
[EventDate "2016.09.22"]

1. d4 Nf6 2. c4 g6 3. Nf3 Bg7 4. g3 O-O 5. Bg2 d6 6. O-O Nbd7 7. Nc3 e5 8. e4
exd4 9. Nxd4 Nc5 10. h3 Re8 11. Re1 Ne6 12. Be3 Nxd4 13. Bxd4 Be6 14. Nd5 c6 15.
Nxf6+ Bxf6 16. b3 Bxd4 17. Qxd4 Qd7 18. Kh2 Red8 19. Rad1 Qc7 20. Qf6 Qa5 21.
Re2 Qe5 22. Qh4 a5 23. Red2 a4 24. f4 Qc3 25. Rd3 Qb2 26. R1d2 Qa1 27. Rxd6 Rxd6
28. Rxd6 Qxa2 29. f5 axb3 30. fxe6 b2 31. exf7+ Kg7 32. Qf6+ Kh6 33. f8=Q+ Rxf8
34. Qxf8+ Kh5 35. g4+ Kg5 36. Qf6+ Kh6 37. g5+ Kh5 38. Bf3+ 1-0

[Event "World Youth Girl U16 2016"]
[Site "Khanty-Mansiysk RUS"]
[Date "2016.09.26"]
[Round "5.19"]
[White "Afonasieva, Anna"]
[Black "Mammadova, Susan"]
[Result "0-1"]
[WhiteTitle "WFM"]
[WhiteElo "2132"]
[BlackElo "1836"]
[WhiteFideId "24173606"]
[BlackFideId "13413210"]
[EventDate "2016.09.22"]

1. d4 Nf6 2. Nf3 g6 3. g3 Bg7 4. Bg2 O-O 5. O-O d6 6. c4 Nbd7 7. Qc2 e5 8. Rd1
exd4 9. Nxd4 Re8 10. Nc3 Ne5 11. b3 a6 12. Bf4 Nh5 13. Bd2 Nxc4 14. Nc6 bxc6 15.
bxc4 Bd7 16. Bf3 Nf6 17. Qa4 Ng4 18. Bxc6 Qf6 19. Rf1 Bxc6 20. Qxc6 Ne5 21. Qxc7
Rac8 22. Qb7 Nxc4 23. Nd5 Qe6 24. Bg5 f6 25. Rab1 fxg5 26. Nc7 Qf7 27. Nxe8 Qxb7
28. Rxb7 Rxe8 29. Rc1 d5 30. Rd7 Bb2 31. Rc2 Re5 32. e4 Rxe4 33. Rxd5 Bf6 34.
Rd7 g4 35. Kg2 h5 36. a4 Kf8 37. Rc1 Be7 38. Ra7 a5 39. Ra6 Kf7 40. Ra7 Kf6 41.
h3 Bb4 42. hxg4 hxg4 43. Ra6+ Kf5 44. Rd1 Ne5 45. Kf1 Rc4 46. Rb6 Rc2 47. Rd4
Rc1+ 48. Kg2 Nf3 49. Rf4+ Kg5 50. Rxg6+ Kxg6 51. Rf6+ Kh5 52. Rh6+ Kg5 53. Rh5+
Kf6 54. Rf5+ Kg6 55. Rf6+ Kh5 56. Rh6+ Kg5 57. Rh5+ Kf6 58. Rf5+ Ke6 59. Rf6+
Kd5 60. Rd6+ Ke4 0-1

[Event "World Youth Girl U16 2016"]
[Site "Khanty-Mansiysk RUS"]
[Date "2016.09.26"]
[Round "5.20"]
[White "Sakorenko, Adriana"]
[Black "Tumova, Anna"]
[Result "1-0"]
[WhiteElo "2007"]
[BlackElo "1711"]
[WhiteFideId "34130249"]
[BlackFideId "367397"]
[EventDate "2016.09.22"]

1. e4 e6 2. d4 d5 3. Nd2 dxe4 4. Nxe4 Nd7 5. Nf3 Ngf6 6. Nxf6+ Nxf6 7. Bd3 c5 8.
O-O Bd7 9. Qe2 cxd4 10. Nxd4 Bc5 11. Nb3 Bb6 12. Rd1 Qc7 13. c4 h6 14. Bd2 Ba4
15. Rac1 Bxb3 16. axb3 Qe7 17. b4 Bd4 18. Be1 O-O 19. Bh7+ Kxh7 20. Rxd4 Rfd8
21. Rcd1 Kg8 22. Qd3 Rxd4 23. Qxd4 a6 24. Bc3 Rc8 25. b3 Kf8 26. f3 Ke8 27. Kf2
Rc7 28. Qf4 Rd7 29. Bxf6 Qxf6 30. Qxf6 gxf6 31. Rxd7 Kxd7 32. Ke3 Kd6 33. g4 b6
34. Ke4 Kc6 35. f4 Kd6 36. h4 e5 37. h5 Ke6 38. c5 bxc5 39. bxc5 exf4 40. Kxf4
Kd5 41. Kf5 Kxc5 42. Kxf6 Kb4 43. g5 Kxb3 44. gxh6 1-0

[Event "World Youth Girl U16 2016"]
[Site "Khanty-Mansiysk RUS"]
[Date "2016.09.26"]
[Round "5.21"]
[White "Bauyrzhan, Arnash"]
[Black "Kopcova, Ludmila"]
[Result "1/2-1/2"]
[WhiteElo "1904"]
[BlackElo "1798"]
[WhiteFideId "13706322"]
[BlackFideId "363774"]
[EventDate "2016.09.22"]

1. e4 e5 2. Nf3 Nf6 3. d4 Nxe4 4. dxe5 d5 5. Nbd2 Nxd2 6. Bxd2 Be7 7. c4 O-O 8.
Qc2 Be6 9. Bd3 h6 10. O-O Nc6 11. h3 f6 12. Rae1 fxe5 13. Nxe5 Nxe5 14. Rxe5 Bf7
15. cxd5 Bf6 16. Rf5 Kh8 17. Qc4 c6 18. Rxf6 Qxf6 19. Qe4 Bg8 20. dxc6 Qxc6 21.
Qg4 Rad8 22. Bc3 Qc7 23. Qg6 Rxd3 24. Qxd3 Bc4 25. Qg6 Bxf1 26. Qxh6+ Kg8 27.
Qe6+ Kh7 28. Qe4+ Kg8 29. Qe6+ Kh7 30. Qe4+ 1/2-1/2

[Event "World Youth Girl U16 2016"]
[Site "Khanty-Mansiysk RUS"]
[Date "2016.09.26"]
[Round "5.22"]
[White "Zairbek kyzy, Begimay"]
[Black "Ni Mhuireagain, Eibhia"]
[Result "0-1"]
[WhiteElo "1836"]
[BlackElo "1433"]
[WhiteFideId "13803603"]
[BlackFideId "2505665"]
[EventDate "2016.09.22"]

1. e4 d5 2. exd5 Qxd5 3. Nc3 Qd6 4. d4 c6 5. Nf3 Bg4 6. Be2 Nd7 7. h3 Bh5 8. Be3
Ngf6 9. Qd2 Bxf3 10. Bxf3 Nb6 11. Bf4 Qd8 12. O-O-O e6 13. g4 Bd6 14. Bg5 h6 15.
Be3 Qc7 16. Be2 Nbd5 17. Kb1 Nxe3 18. fxe3 Nd5 19. Ne4 Be7 20. c4 Nb6 21. Rhf1
Rf8 22. Rf3 f5 23. gxf5 exf5 24. Nc3 O-O-O 25. Bd3 g6 26. Rg1 Bg5 27. h4 Bxh4
28. Rxg6 Qh7 29. Rg1 Bg5 30. Qc2 Kb8 31. Nd1 Qc7 32. Bxf5 Nd7 33. Rgf1 Nf6 34.
Bh3 Qe7 35. Nc3 Rfe8 36. Qb3 Ne4 37. Qc2 Nxc3+ 38. bxc3 Bxe3 39. Ka1 Qa3 40. Bg2
Re7 41. Rb1 Rde8 42. Rff1 Bxd4 43. Rb3 Re1+ 44. Qd1 Rxd1+ 45. Rxd1 Bxc3+ 46. Kb1
Qa5 47. Bxc6 Qf5+ 48. Kc1 Qg5+ 49. Kc2 Qg6+ 50. Kxc3 Qxc6 0-1

[Event "World Youth Girl U16 2016"]
[Site "Khanty-Mansiysk RUS"]
[Date "2016.09.26"]
[Round "5.23"]
[White "Shih, Ching-An"]
[Black "Kozybayeva, Alisa"]
[Result "0-1"]
[WhiteTitle "WCM"]
[WhiteElo "1460"]
[BlackElo "1888"]
[WhiteFideId "16300653"]
[BlackFideId "13708317"]
[EventDate "2016.09.22"]

1. Nf3 Nf6 2. g3 d5 3. Bg2 c5 4. d4 cxd4 5. Nxd4 e5 6. Nb3 Be7 7. O-O O-O 8. Nc3
Be6 9. Bg5 Nbd7 10. Qd2 d4 11. Bxf6 Nxf6 12. Ne4 Nxe4 13. Bxe4 Qc7 14. Rfc1 Rfd8
15. h4 f5 16. Bg2 Bf6 17. Qb4 e4 18. Nc5 Bd5 19. Nb3 a5 20. Qe1 Qb6 21. Rcb1 a4
22. Nd2 Rac8 23. Qd1 Rc7 24. Bh3 g6 25. h5 Rdc8 26. hxg6 hxg6 27. Nf1 Rxc2 28.
Ne3 R2c5 29. Nxd5 Rxd5 30. Qxa4 d3 31. exd3 Rxd3 32. Rc1 Rxg3+ 33. Kf1 Rxc1+ 34.
Rxc1 Rxh3 35. Rc8+ Kh7 36. Qd7+ Bg7 37. Rc7 Qxb2 0-1

[Event "World Youth Girl U16 2016"]
[Site "Khanty-Mansiysk RUS"]
[Date "2016.09.26"]
[Round "5.24"]
[White "Griciute, Rosita"]
[Black "Krapivina, Galina"]
[Result "0-1"]
[WhiteElo "1641"]
[BlackElo "1834"]
[WhiteFideId "12811238"]
[BlackFideId "24159182"]
[EventDate "2016.09.22"]

1. e4 e5 2. Nf3 Nc6 3. d4 exd4 4. Bc4 Be7 5. e5 d6 6. exd6 Qxd6 7. O-O Nf6 8.
Bb5 Bd7 9. Re1 O-O-O 10. Nbd2 Rhe8 11. a4 Bf8 12. Rxe8 Bxe8 13. Nb3 Ne5 14. Bf4
Nxf3+ 15. Qxf3 Qd5 16. Qd3 Nh5 17. Bd2 Nf6 18. Re1 Bxb5 19. axb5 Bc5 20. Na5 Kb8
21. Nc4 Bd6 22. Nxd6 Qxd6 23. h3 h6 24. Ra1 Nd7 25. b4 Nb6 26. Qa3 Nc8 27. Qb3
Qf6 28. Qc4 Nd6 29. Qc5 Nc8 30. Rc1 Qd6 31. Qc4 f6 32. Qd3 Nb6 33. Ra1 Qd5 34.
Qa3 Nc8 35. Qd3 Nd6 36. Ra5 Nc4 37. Ra1 Qxb5 38. Ra5 Qc6 39. Rc5 Ne5 40. Qb3 Qd7
41. Ra5 Nc6 42. Ra1 Ne7 43. b5 Nc8 44. Qd3 Qd5 45. Ra5 Nb6 46. Ra1 Nc4 47. Bf4
Qxb5 48. Qg3 Qd7 49. Rb1 g5 50. Qf3 Qd5 51. Bxc7+ Kxc7 52. Qxf6 Qc6 0-1

[Event "World Youth Girl U16 2016"]
[Site "Khanty-Mansiysk RUS"]
[Date "2016.09.26"]
[Round "5.25"]
[White "Kostava, Elene"]
[Black "Nazarova, Veronika"]
[Result "1-0"]
[WhiteElo "1756"]
[BlackElo "1303"]
[WhiteFideId "13603280"]
[BlackFideId "4506944"]
[EventDate "2016.09.22"]

1. Nf3 d5 2. e3 Nf6 3. c4 e6 4. b3 b6 5. Bb2 Bb7 6. Nc3 Be7 7. Be2 O-O 8. O-O
Nbd7 9. Qc2 c5 10. Rfd1 Rc8 11. d4 dxc4 12. Bxc4 Bxf3 13. gxf3 cxd4 14. Rxd4 Bc5
15. Rdd1 Qc7 16. Qe2 Ne5 17. Nb5 Qb8 18. Bxe5 Qxe5 19. Nxa7 Ra8 20. Nb5 Rfd8 21.
a4 Qg5+ 22. Kh1 g6 23. Ra2 Rxd1+ 24. Qxd1 Nh5 25. Rd2 Ng7 26. Nc3 Bb4 27. Ne4
Qh4 28. Rd7 Nf5 29. Qa1 h6 30. Nf6+ Kf8 31. Nd5 Bc5 32. Qh8# 1-0

[Event "World Youth Girl U16 2016"]
[Site "Khanty-Mansiysk RUS"]
[Date "2016.09.26"]
[Round "5.27"]
[White "Tomcikova, Zuzana"]
[Black "Dong, Khanh Linh"]
[Result "0-1"]
[BlackTitle "WCM"]
[WhiteElo "1621"]
[BlackElo "1671"]
[WhiteFideId "14939126"]
[BlackFideId "12403040"]
[EventDate "2016.09.22"]

1. e4 e6 2. d4 d5 3. Nd2 c5 4. exd5 Qxd5 5. Ngf3 cxd4 6. Bc4 Qc5 7. O-O Nc6 8.
Qe2 Nf6 9. Nb3 Qb6 10. Rd1 Bc5 11. a4 a6 12. Bf4 O-O 13. Be5 d3 14. Bxd3 Bxf2+
15. Qxf2 Qxf2+ 16. Kxf2 Ng4+ 17. Kg1 Ngxe5 18. Nxe5 Nxe5 19. Be2 Bd7 20. Rd2
Rac8 21. a5 Bc6 22. Rad1 Be4 23. c3 Bd5 24. Nd4 g6 25. Re1 Nc4 26. Bxc4 Rxc4 27.
Nc2 Rc5 28. Ra1 f5 29. Ne3 Bc6 30. Nc2 e5 31. h3 f4 32. Nb4 e4 33. Nc2 e3 34.
Re2 Rg5 35. Nd4 f3 36. Rxe3 f2+ 0-1

[Event "World Youth Girl U16 2016"]
[Site "Khanty-Mansiysk RUS"]
[Date "2016.09.26"]
[Round "5.28"]
[White "Wijesuriya, G P Y"]
[Black "Campos Toledo, Andrea Celeste"]
[Result "0-1"]
[WhiteElo "1588"]
[BlackElo "1750"]
[WhiteFideId "9906959"]
[BlackFideId "3826171"]
[EventDate "2016.09.22"]

1. e4 c5 2. Nc3 e6 3. f4 Nc6 4. Nf3 d5 5. e5 Nge7 6. Bb5 a6 7. Bxc6+ Nxc6 8. d4
cxd4 9. Nxd4 Bc5 10. Nf3 b5 11. Qe2 Bb7 12. Be3 Bxe3 13. Qxe3 d4 14. Qd2 dxc3
15. Qxc3 Qa5 16. Qxa5 Nxa5 17. O-O Nc4 0-1

[Event "World Youth Girl U16 2016"]
[Site "Khanty-Mansiysk RUS"]
[Date "2016.09.28"]
[Round "6.1"]
[White "Aakanksha, Hagawane"]
[Black "Kiolbasa, Oliwia"]
[Result "1-0"]
[BlackTitle "WIM"]
[WhiteElo "2183"]
[BlackElo "2196"]
[WhiteFideId "25014510"]
[BlackFideId "1154613"]
[EventDate "2016.09.22"]

1. e4 c5 2. Nf3 Nc6 3. d4 cxd4 4. Nxd4 Nf6 5. Nc3 d6 6. Bg5 e6 7. Qd2 a6 8. f3
Bd7 9. Be2 Rc8 10. Nb3 Be7 11. O-O O-O 12. Rad1 b5 13. a3 Qb6+ 14. Be3 Qc7 15.
f4 Rfd8 16. Bf3 Be8 17. Qf2 Rb8 18. Qg3 b4 19. axb4 Nxb4 20. Nd4 Bf8 21. Rd2 d5
22. e5 Nd7 23. f5 Nxe5 24. fxe6 Bd6 25. Nf5 Nxf3+ 26. Qxf3 Bxh2+ 27. Kh1 d4 28.
Bxd4 f6 29. e7 Rxd4 30. Rxd4 Be5 31. Qg4 g6 32. Rxb4 Rxb4 33. Qxb4 gxf5 34. Rxf5
Qd7 35. Rf3 Qd2 36. Qc4+ Kh8 37. Qf1 Kg7 38. Ne4 Qh6+ 39. Rh3 Qg6 40. Qd3 Bc6
41. Ng3 Qxd3 42. cxd3 Bxb2 43. Nf5+ Kf7 44. Rxh7+ Kg6 45. Rh8 Kxf5 46. e8=Q Bxe8
47. Rxe8 a5 48. Re4 Bc3 49. Kg1 Kg5 50. Kf2 Kf5 51. Ke3 Kg5 52. Rc4 Bb4 53. Ke4
Kg4 54. d4 f5+ 55. Ke5 f4 56. d5 Kg3 57. d6 Kxg2 58. Rxf4 Bd2 59. d7 1-0

[Event "World Youth Girl U16 2016"]
[Site "Khanty-Mansiysk RUS"]
[Date "2016.09.28"]
[Round "6.2"]
[White "Kazarian, Anna-Maja"]
[Black "Shuvalova, Polina"]
[Result "0-1"]
[WhiteTitle "FM"]
[BlackTitle "WFM"]
[WhiteElo "2231"]
[BlackElo "2393"]
[WhiteFideId "1033689"]
[BlackFideId "24171760"]
[EventDate "2016.09.22"]

1. e4 e5 2. Nf3 Nc6 3. Bb5 a6 4. Bxc6 dxc6 5. O-O f6 6. d4 exd4 7. Nxd4 c5 8.
Nb3 Qxd1 9. Rxd1 Bd6 10. Be3 b6 11. a4 Bb7 12. Nc3 Ne7 13. a5 O-O-O 14. Nd2 b5
15. Nb3 c4 16. Nc5 f5 17. Nxb7 Kxb7 18. Bd4 Rhg8 19. g3 Bb4 20. exf5 Nxf5 21.
Be5 Rge8 22. Rxd8 Rxd8 23. Ne4 Kc6 24. c3 Re8 25. cxb4 Rxe5 26. Nc5 Rxc5 27.
bxc5 Kxc5 28. Re1 Kb4 29. f4 Kb3 30. Re6 Nd6 31. Kf2 Kxb2 32. Ke2 c3 33. Kd3 b4
34. Re2+ Kb3 35. Re5 Nc4 36. Rc5 Nb2+ 37. Ke2 c2 38. Kd2 Nc4+ 39. Kc1 Kc3 40.
Rxc7 b3 41. Rb7 b2+ 0-1

[Event "World Youth Girl U16 2016"]
[Site "Khanty-Mansiysk RUS"]
[Date "2016.09.28"]
[Round "6.3"]
[White "Yakubbaeva, Nilufar"]
[Black "Yao, Lan"]
[Result "0-1"]
[WhiteElo "1896"]
[BlackElo "2235"]
[WhiteFideId "14204487"]
[BlackFideId "8610835"]
[EventDate "2016.09.22"]

1. e4 c5 2. Nc3 d6 3. g3 g6 4. Bg2 Bg7 5. d3 Nc6 6. Be3 e6 7. Nge2 Rb8 8. Qd2 b5
9. O-O b4 10. Nd1 Nd4 11. c3 Nxe2+ 12. Qxe2 bxc3 13. bxc3 Ne7 14. Qd2 Ba6 15.
Re1 O-O 16. f4 Qa5 17. Rc1 Rfd8 18. Nf2 Qa3 19. d4 Rb2 20. Rc2 Rxc2 21. Qxc2
cxd4 22. cxd4 Rc8 23. Qb1 d5 24. f5 dxe4 25. fxe6 f5 26. Bh3 Nd5 27. Bc1 Qa5 28.
Bg5 Bxd4 29. e7 Kf7 30. Kg2 Bxf2 31. Kxf2 Qc5+ 32. Kg2 Qc2+ 33. Qxc2 Rxc2+ 34.
Kg1 Nxe7 35. g4 Rc5 36. Be3 Rc3 37. Bg2 Ra3 38. Bxa7 Rxa2 39. g5 Bd3 40. Be3 Nd5
41. Bf2 Nf4 42. h4 Nxg2 43. Kxg2 f4 0-1

[Event "World Youth Girl U16 2016"]
[Site "Khanty-Mansiysk RUS"]
[Date "2016.09.28"]
[Round "6.4"]
[White "Amina, Battsooj"]
[Black "Vazquez Maccarini, Danitza"]
[Result "0-1"]
[WhiteTitle "FM"]
[BlackTitle "WIM"]
[WhiteElo "2302"]
[BlackElo "2142"]
[WhiteFideId "4902661"]
[BlackFideId "3101193"]
[EventDate "2016.09.22"]

1. e4 c5 2. Nf3 e6 3. d4 cxd4 4. Nxd4 a6 5. Bd3 Bc5 6. Nb3 Ba7 7. O-O d6 8. Nc3
Nc6 9. Qg4 Nf6 10. Qxg7 Rg8 11. Qh6 Ne5 12. Be2 Nfg4 13. Qxh7 Kd7 14. Bxg4 Rxg4
15. h3 Rg6 16. Bf4 Qf6 17. Bxe5 dxe5 18. Rad1+ Ke7 19. Qh5 Bd7 20. Kh1 Rag8 21.
Qf3 Qxf3 22. gxf3 Rh6 23. Kh2 Rgh8 24. Rh1 Rxh3+ 25. Kg2 Rxh1 26. Rxh1 Rxh1 27.
Kxh1 Bxf2 28. Kg2 Ba7 29. Nc1 Kd6 30. Nd3 Bc6 31. Nd1 f5 32. N1f2 Be3 33. Kg3
Bg5 34. Nb4 Be8 35. Nbd3 a5 36. exf5 exf5 37. f4 exf4+ 38. Nxf4 Bc6 39. N2d3 Be4 0-1

[Event "World Youth Girl U16 2016"]
[Site "Khanty-Mansiysk RUS"]
[Date "2016.09.28"]
[Round "6.5"]
[White "Sieber, Fiona"]
[Black "Jakab, Kincso"]
[Result "1/2-1/2"]
[WhiteTitle "WFM"]
[WhiteElo "2268"]
[BlackElo "1893"]
[WhiteFideId "12902373"]
[BlackFideId "1232002"]
[EventDate "2016.09.22"]

1. e4 c5 2. Nf3 Nc6 3. d4 cxd4 4. Nxd4 g6 5. c4 Bg7 6. Be3 Nf6 7. Nc3 O-O 8. Be2
d6 9. O-O Nxd4 10. Bxd4 Bd7 11. Qd2 Bc6 12. Bd3 a5 13. b3 Nd7 14. Bxg7 Kxg7 15.
Rae1 Nc5 16. Bc2 Rb8 17. e5 dxe5 18. Qxd8 Rfxd8 19. Rxe5 Rd2 20. Rc1 Ne6 21.
Rxa5 Nf4 22. Rg5 Rbd8 23. Kf1 f6 24. Rg3 e5 25. Rd1 R8d4 26. Rxd2 Rxd2 27. Bd1
Nd3 28. Be2 Nc1 29. Re3 Nxa2 30. Nxa2 Rxa2 31. Rd3 Ra1+ 32. Rd1 Rxd1+ 33. Bxd1
b6 34. g3 Kf7 35. Ke2 Ke6 36. Bc2 Kd6 37. b4 Be8 38. Be4 Bf7 39. Kd3 h6 40. Kc3
g5 41. Bf5 Bg8 42. h4 gxh4 43. gxh4 Bf7 44. Bd3 Be6 45. Kd2 Bh3 46. Ke3 Bg4 47.
Bf1 Bf5 48. Kf3 Kd7 49. Kg3 Be6 50. Be2 Bf5 51. Bf1 Be6 52. Bd3 Bf7 53. Be4 Be6
54. Bd3 Bf7 55. f4 Be6 56. Kf3 Bf7 57. Bf1 Be6 58. fxe5 fxe5 59. Ke3 Bf5 60. c5
bxc5 61. bxc5 1/2-1/2